000
00347nam a2200145Ia 4500
008
151213s9999 xx 000 0 und d
100
_a
Tony Myers
245
_a
Up Gread Your English Easy
_c
Tony Myers
260
_a
London
_b
Arnold
_c
2002
300
_a
2214 p.
650
_a
English
650
_a
English
700
_a
Tony Myers
999
_c
1619
_d
1619